Fünf ärmste Länder pro Kontinent - Statistiken

Allgemein
  • Dieses Quiz wurde 8.279 mal gespielt
  • Das Durchschnittsergebnis liegt bei 14 aus 30
Antwortstatistiken
Kontinent BIP pro Kopf Land % Korrekt
Europa 14.595€ Kosovo
74%
Europa 17.753€ Albanien
70%
Europa 15.402€ Moldawien
67%
Nordamerika 3037€ Haiti
58%
Europa 18.313€ Bosnien und Herzegowina
55%
Nordamerika 6755€ Honduras
55%
Afrika 1373€ D. R. Kongo
53%
Nordamerika 7101€ Nicaragua
53%
Europa 12.987€ Ukraine
53%
Nordamerika 9857€ Guatemala
52%
Südamerika 7503€ Venezuela
51%
Asien 2299€ Afghanistan
50%
Afrika 1280€ Somalia
50%
Asien 2607€ Syrien
50%
Südamerika 9624€ Bolivien
49%
Südamerika 15.043€ Peru
49%
Nordamerika 10.222€ Belize
48%
Afrika 482€ Südsudan
48%
Südamerika 14.576€ Paraguay
46%
Südamerika 12.614€ Ecuador
45%
Asien 1906€ Jemen
40%
Asien 1486€ Nordkorea
38%
Afrika 833€ Burundi
33%
Ozeanien 3672€ Föderierte Staaten von Mikronesien
33%
Ozeanien 2803€ Vanuatu
33%
Ozeanien 2224€ Kiribati
30%
Ozeanien 4223€ Papua Neuguinea
30%
Asien 3401€ Osttimor
29%
Ozeanien 2252€ Salomonen
29%
Afrika 1056€ Zentralafrikanische Republik
29%
Keine übereinstimmenden Quizze gefunden
Verteilung der Resultate
Anzahl Personen mit jedem Resultat
Perzentil nach korrekt beantworteten Fragen
Ihre Resultats-Entwicklung
Sie haben dieses Quiz noch nicht gespielt